000 00648nam a22001937a 4500
005 20130801122644.0
010 _aB-516003-021
020 _a9788176760362
_c495.00
035 _aB-516003-021
037 _aUBH/Ven
_bdpl
082 _a954
100 _aMehta, Anurag
245 _aIndia After Independence for Children/
_cby Anurag Mehta
260 _aNew Delhi
_bNita Mehta
_c2011
270 _a3A/3 Asaf Ali Road
_bNew Delhi
_e110002
_k23252948,29218574
300 _a200p.
_bcol.ill
_c28cm.(Hb)
942 _2ddc
_cCH
_h954
_mMEH
999 _c78274
_d78274